[Event "Mindsports Open 5th"]
[Site "London"]
[Date "2025.08.16"]
[Round "5.5"]
[White "Lohia, Sohum"]
[Black "Beerdsen, Thomas"]
[Result "1-0"]
[WhiteElo "2387"]
[BlackElo "2513"]
[PlyCount "75"]
[EventDate "2025.08.13"]
[EventType "swiss"]
[EventRounds "9"]
[EventCountry "ENG"]
[SourceTitle "BritBase"]
[Source "John Saunders"]
[SourceDate "2025.08.18"]
[SourceVersion "1"]
[SourceVersionDate "2025.08.18"]
[SourceQuality "1"]

1. e4 e6 2. d4 d5 3. Nc3 Nf6 4. Bg5 dxe4 5. Nxe4 Be7 6. Bxf6 gxf6 7. Qd2 f5 8. Nc3 a6 9. g3 c5 10. d5 b5 11. Bg2 Ra7 12. Nh3 e5 13. O-O-O Qd6 14. f4 e4 15. Nf2 Nd7 16. g4 Nb6 17. gxf5 Nc4 18. Qe2 Bxf5 19. Bxe4 Qxf4+ 20. Kb1 Nd6 21. Bxf5 Qxf5 22. Nfe4 O-O 23. Rhg1+ Kh8 24. Qg2 Qg6 25. Qh3 Nxe4 26. Rxg6 Nf2 27. Qg3 Nxd1 28. Rc6 Rg8 29. Qe5+ f6 30. Qe6 Nxc3+ 31. bxc3 Bf8 32. d6 b4 33. Rc8 bxc3 34. Qxf6+ Bg7 35. Rxg8+ Kxg8 36. Qd8+ Bf8 37. d7 Rb7+ 38. Ka1 1-0

[Event "Mindsports Open 5th"]
[Site "London"]
[Date "2025.08.16"]
[Round "5.6"]
[White "Csonka, Balazs"]
[Black "Safar, Sandro"]
[Result "1-0"]
[WhiteElo "2467"]
[BlackElo "2354"]
[PlyCount "71"]
[EventDate "2025.08.13"]
[EventType "swiss"]
[EventRounds "9"]
[EventCountry "ENG"]
[SourceTitle "BritBase"]
[Source "John Saunders"]
[SourceDate "2025.08.18"]
[SourceVersion "1"]
[SourceVersionDate "2025.08.18"]
[SourceQuality "1"]

1. d4 f5 2. g3 Nf6 3. Bg2 d6 4. Nf3 e6 5. O-O Be7 6. c4 O-O 7. Nc3 Ne4 8. Nxe4 fxe4 9. Ne1 d5 10. Be3 Nc6 11. Rc1 Rb8 12. f3 dxc4 13. Rxc4 Ne5 14. Rc1 exf3 15. Nxf3 Ng4 16. Bf4 Rxf4 17. gxf4 Ne3 18. Qb3 Nxf1 19. Kxf1 Bd6 20. e3 Qf6 21. Qa4 a6 22. Ng5 Qe7 23. Qc2 g6 24. Kf2 Bd7 25. Be4 Rf8 26. Rg1 e5 27. dxe5 Bxe5 28. Bxg6 Kh8 29. Bxh7 Bxf4 30. exf4 Rxf4+ 31. Nf3 Qh4+ 32. Ke2 Bg4 33. Qc3+ Rf6 34. Rxg4 Qxg4 35. Qxf6+ Kxh7 36. Qh4+ 1-0

[Event "Mindsports Open 5th"]
[Site "London"]
[Date "2025.08.16"]
[Round "5.7"]
[White "Hauge, Lars Oskar"]
[Black "Radeva, Viktoria"]
[Result "1-0"]
[WhiteElo "2460"]
[BlackElo "2317"]
[PlyCount "65"]
[EventDate "2025.08.13"]
[EventType "swiss"]
[EventRounds "9"]
[EventCountry "ENG"]
[SourceTitle "BritBase"]
[Source "John Saunders"]
[SourceDate "2025.08.18"]
[SourceVersion "1"]
[SourceVersionDate "2025.08.18"]
[SourceQuality "1"]

1. e4 e5 2. Nf3 Nf6 3. Nxe5 d6 4. Nf3 Nxe4 5. d3 Nf6 6. d4 Be7 7. Bd3 O-O 8. h3 Re8 9. O-O c5 10. Nc3 Nc6 11. Be3 Nb4 12. Bc4 Bf5 13. Rc1 Bf8 14. d5 Ne4 15. Nxe4 Rxe4 16. Nd2 Re8 17. a3 Na6 18. Bb5 Bd7 19. Bxa6 bxa6 20. b3 g6 21. Qf3 Bg7 22. Qg3 Be5 23. Bf4 Qf6 24. Bxe5 Rxe5 25. Nc4 Rxd5 26. Rcd1 Bc6 27. Ne3 Rxd1 28. Rxd1 Rd8 29. Ng4 Qe6 30. Qc3 d5 31. Re1 d4 32. Rxe6 dxc3 33. Rxc6 1-0

[Event "Mindsports Open 5th"]
[Site "London"]
[Date "2025.08.16"]
[Round "5.8"]
[White "Badacsonyi, Stanley"]
[Black "Willow, Jonah B"]
[Result "1/2-1/2"]
[WhiteElo "2309"]
[BlackElo "2459"]
[PlyCount "24"]
[EventDate "2025.08.13"]
[EventType "swiss"]
[EventRounds "9"]
[EventCountry "ENG"]
[SourceTitle "BritBase"]
[Source "John Saunders"]
[SourceDate "2025.08.18"]
[SourceVersion "1"]
[SourceVersionDate "2025.08.18"]
[SourceQuality "1"]

1. d4 Nf6 2. Bg5 d5 3. Nd2 c5 4. dxc5 e6 5. e4 Bxc5 6. e5 Qb6 7. exf6 Bxf2+ 8. Ke2 e5 9. fxg7 Rg8 10. Ndf3 Rxg7 11. Qd2 Nc6 12. a4 Bxg1 1/2-1/2

[Event "Mindsports Open 5th"]
[Site "London"]
[Date "2025.08.16"]
[Round "5.9"]
[White "Kovchan, Alexander"]
[Black "Bracker, Frank"]
[Result "1/2-1/2"]
[WhiteElo "2450"]
[BlackElo "2301"]
[PlyCount "95"]
[EventDate "2025.08.13"]
[EventType "swiss"]
[EventRounds "9"]
[EventCountry "ENG"]
[SourceTitle "BritBase"]
[Source "John Saunders"]
[SourceDate "2025.08.18"]
[SourceVersion "1"]
[SourceVersionDate "2025.08.18"]
[SourceQuality "1"]

1. e4 e5 2. Nf3 Nc6 3. Bb5 a6 4. Ba4 Nf6 5. O-O Be7 6. Re1 b5 7. Bb3 O-O 8. a4 b4 9. a5 d6 10. c3 Rb8 11. Bc4 h6 12. h3 d5 13. exd5 Nxd5 14. Nxe5 Nxe5 15. Rxe5 Be6 16. Bf1 Bf6 17. Re1 c5 18. Bxa6 Ra8 19. Bc4 Nxc3 20. dxc3 Bxc4 21. Be3 Qxd1 22. Rxd1 Rfc8 23. Nd2 Be2 24. Rdc1 bxc3 25. bxc3 Bd8 26. Nb3 Bc4 27. Nxc5 Rxa5 28. Rxa5 Bxa5 29. Bd4 Rc6 30. Nd7 Bc7 31. Ne5 Bxe5 32. Bxe5 g5 33. Rb1 f6 34. Bd4 Kf7 35. g4 Kg6 36. Kg2 h5 37. gxh5+ Kxh5 38. Kg3 Kg6 39. h4 gxh4+ 40. Kxh4 Be6 41. Kg3 Bc4 42. Kf4 Be6 43. Rg1+ Kf7 44. Ra1 Kg6 45. Ra5 Bc4 46. Bc5 Ra6 47. Rxa6 Bxa6 48. Ke4 1/2-1/2

[Event "Mindsports Open 5th"]
[Site "London"]
[Date "2025.08.16"]
[Round "5.10"]
[White "Pal, Rohan"]
[Black "Tica, Sven"]
[Result "0-1"]
[WhiteElo "1909"]
[BlackElo "2442"]
[PlyCount "100"]
[EventDate "2025.08.13"]
[EventType "swiss"]
[EventRounds "9"]
[EventCountry "ENG"]
[SourceTitle "BritBase"]
[Source "John Saunders"]
[SourceDate "2025.08.18"]
[SourceVersion "1"]
[SourceVersionDate "2025.08.18"]
[SourceQuality "1"]

1. e4 d6 2. d4 Nf6 3. Nc3 g6 4. g3 Bg7 5. Bg2 O-O 6. Nge2 e5 7. h3 exd4 8. Nxd4 Re8 9. O-O Nbd7 10. Re1 a5 11. a4 Nc5 12. b3 c6 13. Bb2 Bd7 14. Qd2 Qb6 15. Kh2 Re7 16. Re2 Rae8 17. Rae1 Qb4 18. Nb1 Qb6 19. Nc3 h5 20. Ba1 h4 21. g4 Qb4 22. f3 Qxd4 23. Qxd4 Nxg4+ 24. hxg4 Bxd4 25. Nd5 cxd5 26. Bxd4 dxe4 27. g5 Bc6 28. Bf6 Re6 29. f4 Rxf6 30. gxf6 Re6 31. Bh3 Rxf6 32. Rf2 d5 33. f5 Kg7 34. Rg2 d4 35. fxg6 fxg6 36. Rd2 d3 37. cxd3 exd3 38. Re5 b6 39. Re7+ Kh6 40. Re5 Rd6 41. Re3 Be4 42. Rd1 Kg5 43. Bg2 Kf4 44. Ree1 Bxg2 45. Kxg2 Nxb3 46. Rf1+ Kg4 47. Rf3 Nc5 48. Rd2 g5 49. Re3 Rd4 50. Rf3 Ne6 0-1

[Event "Mindsports Open 5th"]
[Site "London"]
[Date "2025.08.16"]
[Round "5.11"]
[White "San Emeterio Cabanes, Jose L"]
[Black "Vandenbussche, Thibaut"]
[Result "1-0"]
[WhiteElo "2303"]
[BlackElo "2402"]
[PlyCount "143"]
[EventDate "2025.08.13"]
[EventType "swiss"]
[EventRounds "9"]
[EventCountry "ENG"]
[SourceTitle "BritBase"]
[Source "John Saunders"]
[SourceDate "2025.08.18"]
[SourceVersion "1"]
[SourceVersionDate "2025.08.18"]
[SourceQuality "1"]

1. d4 d5 2. Nf3 c5 3. c4 e6 4. cxd5 exd5 5. Nc3 Nc6 6. g3 Nf6 7. Bg2 h6 8. O-O c4 9. b3 Bb4 10. Bd2 O-O 11. bxc4 dxc4 12. Nb5 Bxd2 13. Qxd2 Bg4 14. Rfd1 Re8 15. d5 Bxf3 16. exf3 Ne5 17. d6 Rc8 18. Nc7 Rxc7 19. dxc7 Qxc7 20. Qd6 Rc8 21. Rac1 b5 22. f4 Ned7 23. Bh3 Qxd6 24. Rxd6 Rc7 25. a4 bxa4 26. Bg2 Nb6 27. Rc6 Rd7 28. Bf1 Rd2 29. Bxc4 Ne4 30. Rc7 Nd6 31. Bf1 a5 32. Ra7 Rd5 33. Ra6 Ndc8 34. Bc4 Rd4 35. Bb5 Kh7 36. Bc6 Nc4 37. Bxa4 N8d6 38. Bb3 g6 39. Bxc4 Nxc4 40. Ra1 Rd5 41. Rc6 Nd6 42. Ra4 Kg7 43. Rc7 Nb5 44. Rb7 Nd4 45. Rc4 Ne6 46. Ra7 Nd8 47. Rcc7 Rf5 48. Rc8 Rd5 49. Rca8 Nc6 50. Ra6 Nb4 51. Rxa5 Rd1+ 52. Kg2 Rd2 53. Ra1 h5 54. h4 Kf6 55. Rb1 Nd3 56. Ra6+ Kg7 57. Rf1 Nb4 58. Rb6 Nd5 59. Rb3 Nf6 60. Rf3 Ng4 61. Ra1 f5 62. Ra7+ Kf6 63. Ra6+ Kf7 64. Rb3 Rxf2+ 65. Kg1 Re2 66. Rb7+ Kf8 67. Ra8+ Re8 68. Rxe8+ Kxe8 69. Rg7 Nf6 70. Rxg6 Kf7 71. Rg5 Ke6 72. Kg2 1-0

[Event "Mindsports Open 5th"]
[Site "London"]
[Date "2025.08.16"]
[Round "5.12"]
[White "Carroll, Peter"]
[Black "Gasanov, Eldar"]
[Result "0-1"]
[WhiteElo "2167"]
[BlackElo "2471"]
[PlyCount "60"]
[EventDate "2025.08.13"]
[EventType "swiss"]
[EventRounds "9"]
[EventCountry "ENG"]
[SourceTitle "BritBase"]
[Source "John Saunders"]
[SourceDate "2025.08.18"]
[SourceVersion "1"]
[SourceVersionDate "2025.08.18"]
[SourceQuality "1"]

1. e4 c5 2. Nc3 Nc6 3. f4 e6 4. Nf3 d5 5. Bb5 Nge7 6. exd5 exd5 7. Qe2 Bg4 8. Bxc6+ bxc6 9. b3 Bxf3 10. Qxf3 Nf5 11. Bb2 Be7 12. O-O-O O-O 13. h4 Nd4 14. Qf2 Qd7 15. Ne2 Nxe2+ 16. Qxe2 Rfe8 17. Qf3 d4 18. Rde1 a5 19. g3 a4 20. Re4 axb3 21. axb3 Reb8 22. Rhe1 Bf8 23. d3 Qa7 24. Qf2 Qa2 25. h5 h6 26. g4 c4 27. Qxd4 cxb3 28. g5 bxc2 29. Re7 Qb1+ 30. Kd2 Rxb2 0-1

[Event "Mindsports Open 5th"]
[Site "London"]
[Date "2025.08.16"]
[Round "5.13"]
[White "Storme, Isak"]
[Black "Dignam, Matthew"]
[Result "0-1"]
[WhiteElo "2452"]
[BlackElo "2164"]
[PlyCount "88"]
[EventDate "2025.08.13"]
[EventType "swiss"]
[EventRounds "9"]
[EventCountry "ENG"]
[SourceTitle "BritBase"]
[Source "John Saunders"]
[SourceDate "2025.08.18"]
[SourceVersion "1"]
[SourceVersionDate "2025.08.18"]
[SourceQuality "1"]

1. e4 d6 2. d4 Nf6 3. Nc3 e5 4. Nf3 Nbd7 5. Rg1 c6 6. g4 exd4 7. Nxd4 Nc5 8. Qe2 Qe7 9. f3 g6 10. Bf4 Ne6 11. Nxe6 Bxe6 12. O-O-O O-O-O 13. Qe3 Kb8 14. Qd4 Rg8 15. Na4 Ne8 16. Be3 b6 17. f4 Bg7 18. Qb4 c5 19. Qd2 Nf6 20. Bg2 Nxg4 21. Nc3 Rge8 22. Rge1 Nxe3 23. Qxe3 Bxc3 24. Qxc3 Bc8 25. e5 dxe5 26. Rxd8 Rxd8 27. Rxe5 Qd6 28. b4 cxb4 29. Qf3 Qd2+ 30. Kb2 Qc3+ 31. Qxc3 bxc3+ 32. Kxc3 Be6 33. a4 Rc8+ 34. Kb2 Rc4 35. a5 Rxf4 36. a6 Rf2 37. Bb7 Rxh2 38. Re3 Rd2 39. Kc3 Rd8 40. Kb4 h5 41. c4 Rd4 42. Kb5 Rxc4 43. Rd3 Rc5+ 44. Kb4 Kc7 0-1

[Event "Mindsports Open 5th"]
[Site "London"]
[Date "2025.08.16"]
[Round "5.14"]
[White "Li, Wenxiang"]
[Black "Hoffman, Luc"]
[Result "1-0"]
[WhiteElo "2395"]
[BlackElo "2123"]
[PlyCount "67"]
[EventDate "2025.08.13"]
[EventType "swiss"]
[EventRounds "9"]
[EventCountry "ENG"]
[SourceTitle "BritBase"]
[Source "John Saunders"]
[SourceDate "2025.08.18"]
[SourceVersion "1"]
[SourceVersionDate "2025.08.18"]
[SourceQuality "1"]

1. c4 e5 2. Nc3 Nf6 3. Nf3 e4 4. Ng5 c6 5. Ngxe4 Nxe4 6. Nxe4 d5 7. Ng3 h5 8. e3 h4 9. Ne2 dxc4 10. b3 cxb3 11. axb3 h3 12. Bb2 Be7 13. Nf4 hxg2 14. Bxg2 Bf6 15. d4 Bf5 16. e4 Qc7 17. Nh5 Bg6 18. Nxf6+ gxf6 19. d5 Nd7 20. dxc6 bxc6 21. h4 Ne5 22. Kf1 Rd8 23. Qc2 Bh5 24. Rh3 Qd7 25. Rg3 Qd2 26. Qxd2 Rxd2 27. Bc3 Rc2 28. Kg1 Bg6 29. f4 Nd7 30. f5 Bh5 31. Rxa7 Rc1+ 32. Kh2 Ke7 33. Rd3 Rd8 34. Ba5 1-0

[Event "Mindsports Open 5th"]
[Site "London"]
[Date "2025.08.16"]
[Round "5.15"]
[White "Harper, Ryan"]
[Black "Sofronie, Iulian"]
[Result "0-1"]
[WhiteElo "2131"]
[BlackElo "2372"]
[PlyCount "130"]
[EventDate "2025.08.13"]
[EventType "swiss"]
[EventRounds "9"]
[EventCountry "ENG"]
[SourceTitle "BritBase"]
[Source "John Saunders"]
[SourceDate "2025.08.18"]
[SourceVersion "1"]
[SourceVersionDate "2025.08.18"]
[SourceQuality "1"]

1. e4 e5 2. Nf3 Nc6 3. Bc4 Nf6 4. d3 h6 5. O-O d6 6. c3 g6 7. d4 Qe7 8. Re1 Bg7 9. a4 O-O 10. h3 Nh5 11. a5 a6 12. d5 Nd8 13. Bd3 Qf6 14. c4 Nf4 15. Bxf4 exf4 16. Nc3 g5 17. Bc2 g4 18. hxg4 Bxg4 19. e5 dxe5 20. Qd3 Re8 21. Qh7+ Kf8 22. Nh2 Bh5 23. Qe4 Bg6 24. Qe2 Bxc2 25. Qxc2 Qg6 26. Qxg6 fxg6 27. Ne4 Kf7 28. c5 g5 29. g4 fxg3 30. fxg3 Kg6 31. Ng4 c6 32. Ne3 cxd5 33. Nxd5 Ne6 34. Nd6 Nxc5 35. Nxe8 Rxe8 36. Rad1 Nb3 37. Re4 Nxa5 38. Rb4 e4 39. Rb6+ Nc6 40. Rxb7 Ne5 41. Ne7+ Kh5 42. Kg2 Nc4 43. Rh1+ Kg4 44. Re1 Nd6 45. Rd7 Bxb2 46. Nd5 Nf5 47. Rb7 Bd4 48. Rb4 Re6 49. Rh1 Nxg3 50. Rh3 Nf5 51. Rhb3 Nh4+ 52. Kf1 Nf3 53. Ke2 h5 54. Ne3+ Bxe3 55. Rxe3 Kf5 56. Ra4 h4 57. Ra5+ Kf4 58. Rc3 g4 59. Rc8 h3 60. Rh8 Nd4+ 61. Ke1 Kg3 62. Ra4 Nf3+ 63. Ke2 h2 64. Kf1 Nh4 65. Ra3+ e3 0-1

[Event "Mindsports Open 5th"]
[Site "London"]
[Date "2025.08.16"]
[Round "5.16"]
[White "Gombocz, Ferenc Jr"]
[Black "Hng, Mei-En Emmanuelle"]
[Result "1-0"]
[WhiteElo "2315"]
[BlackElo "2132"]
[PlyCount "81"]
[EventDate "2025.08.13"]
[EventType "swiss"]
[EventRounds "9"]
[EventCountry "ENG"]
[SourceTitle "BritBase"]
[Source "John Saunders"]
[SourceDate "2025.08.18"]
[SourceVersion "1"]
[SourceVersionDate "2025.08.18"]
[SourceQuality "1"]

1. c4 Nf6 2. g3 c6 3. Bg2 d5 4. Nf3 Bf5 5. Qb3 Qc8 6. cxd5 cxd5 7. Nc3 e6 8. Nh4 Be4 9. Nxe4 Nxe4 10. d3 Nc5 11. Qc3 Nc6 12. O-O Qd7 13. Be3 Na4 14. Qc2 Nb6 15. f4 Be7 16. Nf3 O-O 17. Bc5 Rac8 18. Bxe7 Nxe7 19. Qd2 Nf5 20. g4 Nh6 21. h3 Qd6 22. Rfc1 f6 23. Nd4 a6 24. e3 e5 25. Ne2 Rce8 26. a4 exf4 27. Nxf4 d4 28. exd4 Qxd4+ 29. Qf2 Re3 30. Ne6 Qxd3 31. Nxf8 Re2 32. Qf3 Re3 33. Qxb7 Qd4 34. Kh1 Nxg4 35. hxg4 Qxg4 36. Qxb6 Re2 37. Qb3+ Kxf8 38. Qh3 Qg5 39. Rc8+ Kf7 40. Rc7+ Ke8 41. Qc8# 1-0

[Event "Mindsports Open 5th"]
[Site "London"]
[Date "2025.08.16"]
[Round "5.17"]
[White "Terler, Bohdan"]
[Black "Kiremitciyan, Ari"]
[Result "0-1"]
[WhiteElo "1974"]
[BlackElo "2271"]
[PlyCount "68"]
[EventDate "2025.08.13"]
[EventType "swiss"]
[EventRounds "9"]
[EventCountry "ENG"]
[SourceTitle "BritBase"]
[Source "John Saunders"]
[SourceDate "2025.08.18"]
[SourceVersion "1"]
[SourceVersionDate "2025.08.18"]
[SourceQuality "1"]

1. e4 e5 2. Nf3 Nc6 3. Nc3 Nf6 4. d4 Bb4 5. Nxe5 Bxc3+ 6. bxc3 Qe7 7. Bd3 Nxe5 8. dxe5 Qxe5 9. O-O b6 10. Qe1 Bb7 11. f4 Qc5+ 12. Be3 Qc6 13. Bd4 O-O-O 14. Rf2 Nxe4 15. Bxe4 Qxe4 16. Qxe4 Bxe4 17. Bxg7 Rhg8 18. Bf6 Rde8 19. f5 Bd5 20. g3 Rg4 21. Rd2 Bc6 22. Kf2 Rge4 23. Bg5 R8e5 24. Bf4 Rxf5 25. Rd4 Rc5 26. Rxe4 Bxe4 27. Ke3 Bxc2 28. Kd4 Ra5 29. a3 d6 30. c4 Bf5 31. Kc3 Be6 32. Kb4 Rh5 33. h4 a5+ 34. Kc3 Rc5 0-1

[Event "Mindsports Open 5th"]
[Site "London"]
[Date "2025.08.16"]
[Round "5.18"]
[White "Lilliehook, Victor"]
[Black "Badacsonyi, Frankie"]
[Result "0-1"]
[WhiteElo "2106"]
[BlackElo "2193"]
[PlyCount "58"]
[EventDate "2025.08.13"]
[EventType "swiss"]
[EventRounds "9"]
[EventCountry "ENG"]
[SourceTitle "BritBase"]
[Source "John Saunders"]
[SourceDate "2025.08.18"]
[SourceVersion "1"]
[SourceVersionDate "2025.08.18"]
[SourceQuality "1"]

1. e4 e6 2. d3 d5 3. Nd2 Nf6 4. Ngf3 c5 5. g3 Nc6 6. Bg2 Be7 7. O-O h6 8. Re1 O-O 9. e5 Nh7 10. h4 f5 11. exf6 Nxf6 12. b3 Bd6 13. Bb2 Ng4 14. c4 Nb4 15. Nf1 d4 16. N1h2 e5 17. Qd2 Qf6 18. Nxg4 Bxg4 19. Nh2 Bf5 20. Bxb7 Nxd3 21. Bxa8 Rxa8 22. Re2 e4 23. Rf1 Qg6 24. f3 e3 25. Qd1 Qxg3+ 26. Rg2 Qxh4 27. Ng4 Nf4 28. Nxe3 Nxg2 29. Nxf5 Qh2+ 0-1

[Event "Mindsports Open 5th"]
[Site "London"]
[Date "2025.08.16"]
[Round "5.19"]
[White "Gurevich, Artem"]
[Black "Adams, Henry"]
[Result "1/2-1/2"]
[WhiteElo "2183"]
[BlackElo "2114"]
[PlyCount "41"]
[EventDate "2025.08.13"]
[EventType "swiss"]
[EventRounds "9"]
[EventCountry "ENG"]
[SourceTitle "BritBase"]
[Source "John Saunders"]
[SourceDate "2025.08.18"]
[SourceVersion "1"]
[SourceVersionDate "2025.08.18"]
[SourceQuality "1"]

1. d4 Nf6 2. Nf3 d5 3. c4 e6 4. g3 Be7 5. Nc3 O-O 6. Bg2 dxc4 7. O-O Nc6 8. e3 a6 9. Qe2 Nb4 10. Ne5 c5 11. dxc5 Nd3 12. Nxc4 Nxc1 13. Raxc1 Bxc5 14. a3 Qe7 15. Ne5 Bd6 16. Nc4 Bc7 17. Na4 Nd7 18. Nd2 Be5 19. Nc4 Bc7 20. Nd2 Be5 21. Nc4 1/2-1/2

[Event "Mindsports Open 5th"]
[Site "London"]
[Date "2025.08.16"]
[Round "5.20"]
[White "Fitzsimons, David"]
[Black "Udovenko, Daniel"]
[Result "1-0"]
[WhiteElo "2308"]
[BlackElo "1870"]
[PlyCount "93"]
[EventDate "2025.08.13"]
[EventType "swiss"]
[EventRounds "9"]
[EventCountry "ENG"]
[SourceTitle "BritBase"]
[Source "John Saunders"]
[SourceDate "2025.08.18"]
[SourceVersion "1"]
[SourceVersionDate "2025.08.18"]
[SourceQuality "1"]

1. e4 c5 2. Nf3 d6 3. Nc3 a6 4. d4 cxd4 5. Qxd4 Nc6 6. Qd3 Nf6 7. Nd5 e6 8. Nxf6+ gxf6 9. Be2 Be7 10. O-O Qc7 11. Bf4 Bd7 12. Rfd1 Ne5 13. Nxe5 dxe5 14. Be3 Ba4 15. b3 Rd8 16. Qc4 Qxc4 17. Bxc4 Bc6 18. f3 h5 19. Kf2 h4 20. Rxd8+ Bxd8 21. Rd1 Bc7 22. Bd3 Rh5 23. b4 f5 24. c4 fxe4 25. Bxe4 f5 26. Bxc6+ bxc6 27. Bc5 Rh7 28. h3 e4 29. fxe4 fxe4 30. Ke3 Rg7 31. Rd2 a5 32. Kxe4 axb4 33. Bxb4 Rg5 34. a4 Ba5 35. Bxa5 Rxa5 36. Ra2 Ke7 37. Kf4 Kd6 38. Kg4 Kc5 39. Rc2 Kd4 40. Kxh4 Kd3 41. Rc1 e5 42. g4 e4 43. g5 e3 44. g6 Rxa4 45. g7 Rxc4+ 46. Rxc4 e2 47. Rc1 1-0

[Event "Mindsports Open 5th"]
[Site "London"]
[Date "2025.08.16"]
[Round "5.21"]
[White "Ravi, Krishna G"]
[Black "Antolak, Julia"]
[Result "1/2-1/2"]
[WhiteElo "2074"]
[BlackElo "2280"]
[PlyCount "85"]
[EventDate "2025.08.13"]
[EventType "swiss"]
[EventRounds "9"]
[EventCountry "ENG"]
[SourceTitle "BritBase"]
[Source "John Saunders"]
[SourceDate "2025.08.18"]
[SourceVersion "1"]
[SourceVersionDate "2025.08.18"]
[SourceQuality "1"]

1. d4 Nf6 2. c4 e6 3. Nf3 b6 4. Bf4 Bb7 5. e3 Be7 6. Nc3 Nh5 7. Bg3 d6 8. Qc2 g6 9. O-O-O Bf6 10. Be2 Nd7 11. Ne4 Be7 12. Ne1 Nxg3 13. hxg3 d5 14. Nc3 O-O 15. Bf3 c6 16. cxd5 cxd5 17. Kb1 b5 18. Nd3 Qa5 19. Qd2 b4 20. Ne2 Rfc8 21. Rc1 Qb5 22. Rxc8+ Rxc8 23. b3 a5 24. Nb2 Nb6 25. Rc1 Rb8 26. Nf4 a4 27. Be2 Qd7 28. Nxa4 Nxa4 29. bxa4 Bc6 30. Bb5 Bxb5 31. axb5 b3 32. axb3 Qxb5 33. Qc3 Ba3 34. Rd1 Bb4 35. Qb2 Qa5 36. Nd3 Ba3 37. Qc2 Qa4 38. Qc8+ Rxc8 39. bxa4 Ra8 40. Rd2 Rxa4 41. Ra2 Ra7 42. Ka1 Ra5 43. Nc5 1/2-1/2

[Event "Mindsports Open 5th"]
[Site "London"]
[Date "2025.08.16"]
[Round "5.22"]
[White "Li, Harry"]
[Black "Lebedev, Lion"]
[Result "0-1"]
[WhiteElo "2242"]
[BlackElo "2048"]
[PlyCount "60"]
[EventDate "2025.08.13"]
[EventType "swiss"]
[EventRounds "9"]
[EventCountry "ENG"]
[SourceTitle "BritBase"]
[Source "John Saunders"]
[SourceDate "2025.08.18"]
[SourceVersion "1"]
[SourceVersionDate "2025.08.18"]
[SourceQuality "1"]

1. e4 e5 2. Nf3 Nc6 3. Bc4 Bc5 4. c3 Nf6 5. d3 a6 6. O-O Ba7 7. Re1 d6 8. a4 O-O 9. h3 h6 10. Nbd2 Re8 11. b4 Be6 12. Bxe6 Rxe6 13. Qc2 d5 14. Nb3 Qd7 15. b5 Ne7 16. exd5 Nexd5 17. Nxe5 Qe8 18. d4 Nd7 19. c4 Nb4 20. Qc3 c5 21. bxc6 Nxc6 22. Bb2 Ndxe5 23. d5 Rg6 24. Re4 f6 25. dxc6 Qxc6 26. Rae1 Rd8 27. R1e2 Rd3 28. Qc2 Rdg3 29. Kh1 Rxg2 30. Qd1 Nf3 0-1

[Event "Mindsports Open 5th"]
[Site "London"]
[Date "2025.08.16"]
[Round "5.23"]
[White "Sanitt, Ethan"]
[Black "Collins, Adam"]
[Result "1-0"]
[WhiteElo "2033"]
[BlackElo "2221"]
[PlyCount "97"]
[EventDate "2025.08.13"]
[EventType "swiss"]
[EventRounds "9"]
[EventCountry "ENG"]
[SourceTitle "BritBase"]
[Source "John Saunders"]
[SourceDate "2025.08.18"]
[SourceVersion "1"]
[SourceVersionDate "2025.08.18"]
[SourceQuality "1"]

1. c4 e6 2. g3 d5 3. Bg2 Nf6 4. Nf3 Nc6 5. O-O dxc4 6. Qc2 e5 7. Qxc4 Be6 8. Qb5 a6 9. Qa4 Nd7 10. Nc3 Be7 11. d3 O-O 12. Qc2 f5 13. a3 Bf6 14. Na4 Qe7 15. Be3 Qf7 16. Nc5 Nxc5 17. Bxc5 Rfe8 18. Rac1 Na5 19. Nd2 Nb3 20. Bxb7 Rab8 21. Bxa6 Nxc1 22. Rxc1 e4 23. b4 Bd5 24. dxe4 fxe4 25. Be3 c6 26. Bc4 h5 27. Rb1 h4 28. a4 Be5 29. a5 Qg6 30. Kg2 Qe6 31. a6 hxg3 32. fxg3 Bd6 33. Bxd5 cxd5 34. b5 Kf7 35. b6 Rh8 36. Rf1+ Kg6 37. Nf3 Rbc8 38. Qb1 Rc3 39. Kf2 Qf5 40. Bd4 Rc4 41. g4 Qf4 42. Kg1 Qh6 43. Be5 Bxe5 44. Nxe5+ Kh7 45. Nxc4 Kg8 46. Rf2 e3 47. Nxe3 Qxe3 48. b7 Rxh2 49. b8=Q+ 1-0

[Event "Mindsports Open 5th"]
[Site "London"]
[Date "2025.08.16"]
[Round "5.24"]
[White "Lochte, Thomas"]
[Black "Zheng, Harry Z"]
[Result "0-1"]
[WhiteElo "2023"]
[BlackElo "2190"]
[PlyCount "90"]
[EventDate "2025.08.13"]
[EventType "swiss"]
[EventRounds "9"]
[EventCountry "ENG"]
[SourceTitle "BritBase"]
[Source "John Saunders"]
[SourceDate "2025.08.18"]
[SourceVersion "1"]
[SourceVersionDate "2025.08.18"]
[SourceQuality "1"]

1. e4 e5 2. Nf3 Nc6 3. d4 exd4 4. Bc4 Nf6 5. e5 d5 6. Bb5 Ne4 7. Nxd4 Bd7 8. Bxc6 bxc6 9. O-O Bc5 10. f3 Ng5 11. f4 Ne4 12. Nc3 Nxc3 13. bxc3 Qc8 14. Be3 Bb6 15. Re1 O-O 16. Qh5 c5 17. Nb3 c4 18. Nc5 Bf5 19. Bd4 Re8 20. e6 fxe6 21. Qg5 e5 22. Rxe5 Rxe5 23. fxe5 Bxc5 24. Bxc5 h6 25. Qe3 a5 26. Rf1 Qe6 27. Qf2 Be4 28. Qg3 Re8 29. Rf6 Qxe5 30. Rf8+ Kh7 31. Rxe8 Qxe8 32. Qxc7 Qh5 33. Bd4 Qd1+ 34. Kf2 Qd2+ 35. Kf1 Qd1+ 36. Kf2 Qxc2+ 37. Ke1 Qb1+ 38. Kd2 Qxa2+ 39. Ke3 Qxg2 40. Qxa5 Qg1+ 41. Ke2 Qxh2+ 42. Ke3 Qg3+ 43. Kd2 Qg2+ 44. Ke3 Qf3+ 45. Kd2 Bd3 0-1

[Event "Mindsports Open 5th"]
[Site "London"]
[Date "2025.08.16"]
[Round "5.25"]
[White "Hafstad, Leif"]
[Black "Kovalskyi, Roman"]
[Result "0-1"]
[WhiteElo "1969"]
[BlackElo "2180"]
[PlyCount "60"]
[EventDate "2025.08.13"]
[EventType "swiss"]
[EventRounds "9"]
[EventCountry "ENG"]
[SourceTitle "BritBase"]
[Source "John Saunders"]
[SourceDate "2025.08.18"]
[SourceVersion "1"]
[SourceVersionDate "2025.08.18"]
[SourceQuality "1"]

1. c4 e6 2. g3 d5 3. Bg2 Nf6 4. Nf3 dxc4 5. Na3 Bxa3 6. bxa3 c3 7. d3 c5 8. Qc2 Qa5 9. Ne5 Nbd7 10. Nc4 Qa6 11. Qxc3 O-O 12. Bb2 Nb6 13. Qc1 Ne8 14. Nd2 Na4 15. Nb3 Bd7 16. O-O Rc8 17. Be5 f6 18. Bf4 e5 19. Be3 Nd6 20. Bd5+ Kh8 21. f4 exf4 22. Rxf4 Rfe8 23. Qd2 Nb6 24. Bg2 Qxa3 25. Rc1 Na4 26. Bf2 b5 27. Rc2 Be6 28. Nc1 c4 29. d4 Bf5 30. Rf3 c3 0-1